Commercial property (Record no. 112141)

MARC details
000 -LEADER
fixed length control field 01683cam a22002655a 4500
001 - CONTROL NUMBER
control field 152647
008 - FIXED-LENGTH DATA ELEMENTS--GENERAL INFORMATION
fixed length control field 110408s2011 xxk f 000 0 eng d
020 ## - INTERNATIONAL STANDARD BOOK NUMBER
International Standard Book Number 9781907624322
035 ## - SYSTEM CONTROL NUMBER
System control number (Sirsi) u152647
041 0# - LANGUAGE CODE
Language code of text/sound track or separate title eng
100 1# - MAIN ENTRY--PERSONAL NAME
Personal name Rodell, Anne
245 00 - TITLE STATEMENT
Title Commercial property
Medium [electronic resource]
250 ## - EDITION STATEMENT
Edition statement new ed.
260 ## - PUBLICATION, DISTRIBUTION, ETC.
Place of publication, distribution, etc. London:
Name of publisher, distributor, etc. College of Law
Date of publication, distribution, etc. 2011
300 ## - PHYSICAL DESCRIPTION
Extent eBook
505 2# - FORMATTED CONTENTS NOTE
Formatted contents note Part I Site acquisitions -- 1 The commercial context -- 2 Obtaining property finance -- 3 Matters of contract -- 4 Planning control -- 5 Planning obligations -- 6 Enforcement of planning control -- 7 Environmental issues -- 8 Searches and enquiries -- 9 Construction projects -- 10 An outline of taxation of commercial properties -- Part II Commercial leases -- 11 Landlord and tenant law -- 12 Agreements for lease -- 13 Lease drafting -- 15 The parcels clause -- 16 Term -- 18 The rent review clause -- 19 Repair -- 20 Alienation -- 21 User -- 22 Alterations -- 23 THe landlord's covenant for quiet enjoyment -- 24 Insurance -- 25 Forfeiture -- 26 Lease of part -- 27 Selling the lease -- 28 Underleases -- 29 Remedies for breach of covenant -- 30 Methods of termination -- 31 The landlord and tenant act 1954, part II -- Part III Property and insolvency -- 32 Insolvency and its effect on commercial property
590 ## - LOCAL NOTE (RLIN)
Local note ka
650 24 - SUBJECT ADDED ENTRY--TOPICAL TERM
Topical term or geographic name entry element EBOOK
651 #4 - SUBJECT ADDED ENTRY--GEOGRAPHIC NAME
Geographic name ENGLAND AND WALES
690 ## - LOCAL SUBJECT ADDED ENTRY--TOPICAL TERM (OCLC, RLIN)
Topical term or geographic name as entry element PROPERTY-COMMERCIAL PROPERTY-COMMERCIAL PROPERTY MARKET
700 1# - ADDED ENTRY--PERSONAL NAME
Personal name Duckworth, Neil
700 1# - ADDED ENTRY--PERSONAL NAME
Personal name Butt, Paul
856 40 - ELECTRONIC LOCATION AND ACCESS
Uniform Resource Identifier <a href="https://www.vlebooks.com/">https://www.vlebooks.com/</a>
Public note View on VLEbooks. Logins for members only from [email protected]
942 ## - ADDED ENTRY ELEMENTS (KOHA)
Suppress in OPAC 0
Holdings
Withdrawn status Lost status Source of classification or shelving scheme Damaged status Not for loan Home library Current library Shelving location Date acquired Total Checkouts Full call number Barcode Date last seen Copy number Price effective from Koha item type
    Dewey Decimal Classification     Virtual Virtual Online 08/04/2011   EBOOK 152647-2001 06/08/2019 1 06/08/2019 Book